| 000 | 00410nam a2200157Ia 4500 | ||
|---|---|---|---|
| 008 | 230524s9999 xx 000 0 und d | ||
| 082 |
_a612 _bSOD |
||
| 100 |
_aRamnik Sood _923703 |
||
| 245 | 0 | _aMedical Laboratory Technology (Methods and Interpretations) | |
| 250 | _a5TH | ||
| 260 |
_aNEW DELHI _bJaypee _c2003 |
||
| 300 | _aXII;727 | ||
| 500 | _aQuantity Number: 1 | ||
| 650 | _aBiomedical | ||
| 942 | _cBK | ||
| 999 |
_c35246 _d35246 |
||